000 00374nam a2200145Ia 4500
008 230917s9999||||xx |||||||||||||| ||und||
040 _e80799
_aMAIN
041 _aEnglish
082 _a342.7 C36I
100 _aChandra, Satish, ed
245 0 _aInternational protection of minorities
260 _aDelhi
_bMittal Publications
_c1986
300 _axiv, 253 p.
942 _cBK
999 _c60462
_d60462